|
|
|
|
| LEADER |
00663nab a2200169 i 4500 |
| 001 |
misc26384 |
| 005 |
20191108150018.0 |
| 008 |
170905s1966 hu o 0|| zxx d |
| 040 |
|
|
|a SZTE Miscellanea Repozitórium
|b hun
|
| 041 |
|
|
|a zxx
|
| 100 |
1 |
|
|a Varró Vince
|
| 245 |
1 |
2 |
|a A gyomornedv-elválasztás klinikai vizsgálatának jelentősége a fekélybetegség diagnosisában és kezelésében
|h [elektronikus dokumentum] /
|c Varró Vince
|
| 260 |
|
|
|c 1966
|
| 300 |
|
|
|a 2256-2266
|
| 490 |
0 |
|
|a Kolligátum
|
| 695 |
|
|
|a Gyomorfekély, Gyomorbetegségek, Emésztőrendszer - betegségek
|
| 856 |
4 |
0 |
|u http://misc.bibl.u-szeged.hu/26384/1/019_006_2256-2266.pdf
|z Dokumentum-elérés
|